| 000 | 00929cam a2200289 i 4500 | ||
|---|---|---|---|
| 001 | 16523999 | ||
| 003 | EG-ScBUE | ||
| 005 | 20250731092018.0 | ||
| 008 | 101029s2011 enka f b 001 0 eng d | ||
| 020 | _a9780273731184 (pbk.) | ||
| 040 |
_aDLC _beng _erda _cDLC _dDLC _dEG-ScBUE |
||
| 082 | 0 | 4 |
_a542 _bPRA _222 |
| 245 | 0 | 0 |
_aPractical skills in chemistry / _cJohn R. Dean [and five others] |
| 250 | _aSecond edition. | ||
| 264 | 1 |
_aHarlow : _bPearson Education Limited, _c2011. |
|
| 300 |
_axvii, 569 pages : _billustrations (some color) ; _c28 cm |
||
| 336 |
_2rdacontent _atext _btxt |
||
| 337 |
_2rdamedia _aunmediated _bn |
||
| 338 |
_2rdacarrier _avolume _bnc |
||
| 504 | _aIncludes bibliographical references and index. | ||
| 650 | 7 |
_2BUEsh _aChemistry. _94328 |
|
| 651 | _2BUEsh | ||
| 653 |
_bENGGEN _cJuly2015 _cJanuary2016 |
||
| 655 | _vReading book | ||
| 700 | 1 |
_aDean, John R., _eauthor. _96258 |
|
| 942 |
_2ddc _cBB |
||
| 999 |
_c20094 _d20066 |
||